000 00627nam a2200253Ia 4500
003 OSt
005 20220912152858.0
006 a|||||r|||| 00| 0
007 ta
008 220909b |||||||| |||| 00| 0 eng d
024 _a33318
037 _cTextual
040 _aCSL
_beng
_cCSL
041 _aeng
082 _aY1774MA:1, K9
100 _aVogt Evon z
245 0 _aZinacantan:Maya community in the highlands of chiapas
260 _c1969
300 _ap.
_ccm.
650 _a Sociology
650 _aMaya Community
942 _hY1774MA:1, K9
_cTEXL
_2CC
999 _c92698
_d92698